[Event "?"]
[Site "ICS rated blitz match, 208.19"]
[Date "1997.??.??"]
[Round "?"]
[White "Brause"]
[Black "brit"]
[Result "1-0"]
[WhiteElo "2625"]
[BlackElo "2005"]
[PlyCount "73"]

1. e4 e5 2. Nf3 Nc6 3. Nc3 Nf6 4. Nxe5 Nxe5 5. d4 Ng6 6. e5 Bb4 7. exf6 Qxf6 8.
Bc4 O-O 9. O-O Bxc3 10. bxc3 d6 11. Rb1 b6 12. Be3 Be6 13. Bb3 a5 14. d5 Bf5
15. Qd2 Ne5 16. Bg5 Qg6 17. f4 Nd7 18. Rbe1 Rfe8 19. Ba4 Rxe1 20. Rxe1 Nc5 21.
Bc6 Rc8 22. Re2 h6 23. Be7 Ne4 24. Qd4 Nc5 25. Qf2 Bd7 26. Bxd7 Nxd7 27. Qf3
Re8 28. f5 Qh7 29. Qe4 Ne5 30. Bh4 f6 31. Bf2 Kh8 32. Bd4 Qg8 33. a3 Qf7 34. c4
Kg8 35. Bf2 Nd7 36. Qxe8+ Qxe8 37. Rxe8+ 1-0

[Event "?"]
[Site "ICS rated blitz match, 208.19"]
[Date "1997.??.??"]
[Round "?"]
[White "Brause"]
[Black "brit"]
[Result "1-0"]
[WhiteElo "2625"]
[BlackElo "2000"]
[PlyCount "71"]

1. e4 e5 2. Nf3 Nc6 3. Nc3 Nf6 4. Nxe5 Nxe5 5. d4 Ng6 6. e5 Bb4 7. exf6 Qxf6 8.
Bc4 O-O 9. O-O Bxc3 10. bxc3 d6 11. Rb1 b6 12. Bd3 Nf4 13. Be4 d5 14. Bxf4 dxe4
15. Bxc7 Qc6 16. Bf4 Qxc3 17. Rb3 Qc4 18. Rg3 Bf5 19. Ra3 a5 20. c3 Rfe8 21.
Qb3 b5 22. Qxc4 bxc4 23. Ra4 Rec8 24. f3 exf3 25. Rxf3 Bd3 26. Re3 Ra6 27. Re7
Re6 28. Rxe6 fxe6 29. Rxa5 Rf8 30. g3 g5 31. Rxg5+ Kf7 32. a4 Ra8 33. a5 h6 34.
Rb5 Kg6 35. Kf2 h5 36. Rg5+ 1-0

[Event "?"]
[Site "ICS rated blitz match, 208.19"]
[Date "1997.??.??"]
[Round "?"]
[White "Brause"]
[Black "brit"]
[Result "1-0"]
[WhiteElo "2625"]
[BlackElo "2000"]
[PlyCount "63"]

1. e4 e5 2. Nf3 Nc6 3. Nc3 Nf6 4. Nxe5 Nxe5 5. d4 Ng6 6. e5 Bb4 7. exf6 Qxf6 8.
Bc4 O-O 9. O-O Bxc3 10. bxc3 d6 11. Rb1 c6 12. Bd3 Re8 13. Be3 Re7 14. c4 Bf5
15. Qf3 Bxd3 16. Qxf6 gxf6 17. cxd3 d5 18. g3 f5 19. Bg5 Rd7 20. h4 Nf8 21.
cxd5 cxd5 22. Rfe1 Ne6 23. Bf6 Rc8 24. Rb2 Rc3 25. Rd2 Kf8 26. Kg2 Rdc7 27. Re5
Rd7 28. Rxf5 b5 29. Rb2 a6 30. a4 Rxd3 31. axb5 axb5 32. Rxb5 1-0

[Event "?"]
[Site "ICS rated blitz match, 208.19"]
[Date "1997.??.??"]
[Round "?"]
[White "Brause"]
[Black "brit"]
[Result "1-0"]
[WhiteElo "2625"]
[BlackElo "2000"]
[PlyCount "73"]

1. e4 e5 2. Nf3 Nc6 3. Nc3 Nf6 4. Nxe5 Nxe5 5. d4 Ng6 6. e5 Bb4 7. exf6 Qxf6 8.
Bc4 O-O 9. O-O Bxc3 10. bxc3 d6 11. Rb1 b6 12. Bd3 Bb7 13. Qg4 Rfe8 14. Bg5 Qe6
15. Qxe6 Rxe6 16. f4 Nf8 17. f5 Ree8 18. c4 f6 19. Bf4 Be4 20. Rbe1 Bc6 21. c5
bxc5 22. dxc5 dxc5 23. Bc4+ Kh8 24. Bxc7 Rxe1 25. Rxe1 Re8 26. Rxe8 Bxe8 27.
Bd6 Nd7 28. Be6 c4 29. Bxc4 g6 30. fxg6 hxg6 31. Bb5 Kg7 32. c4 f5 33. c5 Nf6
34. a4 Kf7 35. c6 Nd5 36. c7 Nxc7 37. Bxc7 1-0

[Event "?"]
[Site "ICS rated blitz match, 208.19"]
[Date "1997.??.??"]
[Round "?"]
[White "Brause"]
[Black "GRANRATON"]
[Result "1-0"]
[WhiteElo "2525"]
[BlackElo "2300"]
[PlyCount "105"]

1. e4 e5 2. Nf3 Nc6 3. Nc3 Nf6 4. Nxe5 Nxe5 5. d4 Ng6 6. e5 Ng8 7. Bc4 Bb4 8.
Qf3 Qe7 9. O-O Bxc3 10. bxc3 Nh6 11. g3 O-O 12. Qh5 Kh8 13. Bxh6 gxh6 14. f4 f5
15. Qxh6 b6 16. Bd5 Rb8 17. Rfb1 Bb7 18. Bxb7 Rxb7 19. Rb3 Rbb8 20. Re1 Qe6 21.
Qh5 b5 22. Qf3 c6 23. a4 a6 24. axb5 axb5 25. Ra1 Ra8 26. Rxa8 Rxa8 27. d5 cxd5
28. Rxb5 Ne7 29. Qd3 Qc6 30. Kf2 Ra3 31. Rb3 Qc5+ 32. Qe3 Qxe3+ 33. Kxe3 Rxb3
34. cxb3 Kg7 35. b4 Kf7 36. Kd4 Ke6 37. Kc5 Nc8 38. b5 d6+ 39. exd6 Nxd6 40. b6
Ne4+ 41. Kc6 Nd6 42. b7 Nxb7 43. Kxb7 Kd6 44. Kb6 d4 45. cxd4 Kd5 46. g4 fxg4
47. f5 h5 48. f6 Ke6 49. d5+ Kxf6 50. d6 Ke6 51. Kc6 h4 52. d7 g3 53. d8=Q 1-0

[Event "?"]
[Site "ICS rated blitz match, 208.19"]
[Date "1997.??.??"]
[Round "?"]
[White "Brause"]
[Black "GRANRATON"]
[Result "0-1"]
[WhiteElo "2505"]
[BlackElo "2320"]
[PlyCount "122"]

1. e4 e5 2. Nf3 Nc6 3. Nc3 Nf6 4. Nxe5 Nxe5 5. d4 Ng6 6. e5 Ng8 7. Bc4 Bb4 8.
Qf3 Qe7 9. O-O Bxc3 10. bxc3 Nh6 11. g3 O-O 12. Qh5 Kh8 13. Bxh6 gxh6 14. f4 f5
15. Qxh6 b6 16. Bd5 Rb8 17. Rfb1 Bb7 18. Bxb7 Rxb7 19. Rb3 Rbb8 20. Re1 Qe6 21.
Ra3 a5 22. Re3 Ra8 23. Qh5 a4 24. Qe2 Qd5 25. Rf3 c5 26. Qe3 c4 27. Rf1 b5 28.
Qf3 Ne7 29. Qxd5 Nxd5 30. Kf2 Kg7 31. Rb1 Rab8 32. Rb2 Kf7 33. Rb1 Ke6 34. Kf3
h5 35. Rg1 Rg8 36. Rf1 Nc7 37. Rb1 Kd5 38. Rb4 Rbe8 39. Rb1 Rg6 40. Rg1 Reg8
41. h3 R8g7 42. Rg2 h4 43. g4 fxg4+ 44. hxg4 h3 45. Rh2 Rxg4 46. Rxh3 Ne6 47.
f5 Rf4+ 48. Ke3 Rxf5 49. Rf3 Rxf3+ 50. Kxf3 Rg6 51. Ke2 Ke4 52. Kd2 Rg1 53. Ke2
Nf4+ 54. Kf2 Rg2+ 55. Kf1 Ke3 56. e6 dxe6 57. d5 Rf2+ 58. Kg1 Ne2+ 59. Kh1 Kf3
60. dxe6 Kg3 61. Rxa4 Rf1# 0-1

[Event "?"]
[Site "ICS rated blitz match, 208.19"]
[Date "1997.??.??"]
[Round "?"]
[White "Brause"]
[Black "GRANRATON"]
[Result "0-1"]
[WhiteElo "2495"]
[BlackElo "2335"]
[PlyCount "122"]

1. e4 e5 2. Nf3 Nc6 3. Nc3 Nf6 4. Nxe5 Nxe5 5. d4 Ng6 6. e5 Ng8 7. Bc4 Bb4 8.
Qf3 Qe7 9. O-O Bxc3 10. bxc3 Nh6 11. g3 O-O 12. Qh5 Kh8 13. Bxh6 gxh6 14. f4 f5
15. Qxh6 b6 16. Bd5 Rb8 17. Rfb1 Bb7 18. Bxb7 Rxb7 19. Rb3 Rbb8 20. c4 d6 21.
Qh5 dxe5 22. fxe5 f4 23. Rf1 fxg3 24. Rxf8+ Rxf8 25. hxg3 Qf7 26. Qe2 Qf5 27.
Re3 Qg5 28. Kh2 Ne7 29. Rf3 Qh5+ 30. Kg2 Qxf3+ 31. Qxf3 Rxf3 32. Kxf3 Nf5 33.
c3 Kg7 34. Kf4 Kg6 35. g4 Ne7 36. d5 h6 37. a3 a6 38. a4 a5 39. Ke4 Kg5 40. d6
cxd6 41. exd6 Nc6 42. Kd5 Nd8 43. c5 bxc5 44. Kxc5 Kxg4 45. Kd4 h5 46. Ke3 Kg3
47. Ke2 Kg2 48. Kd3 h4 49. Kc4 h3 50. Kb5 h2 51. c4 h1=Q 52. c5 Qb1+ 53. Kc4
Qb4+ 54. Kd3 Qxc5 55. Ke4 Qxd6 56. Ke3 Qd5 57. Kf4 Ne6+ 58. Ke3 Qd4+ 59. Ke2
Nf4+ 60. Ke1 Kf3 61. Kf1 Qd1# 0-1

[Event "?"]
[Site "ICS rated blitz match, 208.19"]
[Date "1997.??.??"]
[Round "?"]
[White "Brause"]
[Black "loete"]
[Result "1-0"]
[WhiteElo "2520"]
[BlackElo "2075"]
[PlyCount "139"]

1. e4 e5 2. Nf3 Nc6 3. Nc3 Nf6 4. Nxe5 Nxe5 5. d4 Nc6 6. d5 Nb8 7. e5 Qe7 8.
Qe2 Ng8 9. d6 cxd6 10. Nd5 Qxe5 11. Nc7+ Kd8 12. Nxa8 Nc6 13. Qxe5 dxe5 14. Be3
Nf6 15. Bb5 Nd4 16. Bd3 b6 17. c3 Nc6 18. O-O-O Bc5 19. Bc4 Bxe3+ 20. fxe3 Bb7
21. Nxb6 axb6 22. Bxf7 Rf8 23. Be6 Ke7 24. Bd5 Ng4 25. Rhe1 h6 26. h3 Nf6 27.
Bf3 e4 28. Be2 d5 29. Rd2 Ne5 30. Red1 Rc8 31. Kc2 Bc6 32. Rd4 Bb7 33. Kb3 Nc6
34. R4d2 Na5+ 35. Kc2 Nc6 36. a3 Ne5 37. Bb5 Rc5 38. b4 Rc8 39. a4 g5 40. a5
bxa5 41. bxa5 Ra8 42. Ra1 Ba6 43. Be2 Bxe2 44. Rxe2 Ra6 45. Kb3 Nfd7 46. Kb4
Kd6 47. h4 Nc4 48. g3 Nc5 49. Rf2 Nd3+ 50. Kb5 Rxa5+ 51. Rxa5 Nxf2 52. Ra6+ Ke5
53. Rxh6 gxh4 54. Rh5+ Ke6 55. gxh4 Nxe3 56. Rg5 Neg4 57. h5 e3 58. h6 Nxh6 59.
Rg3 Nfg4 60. Rg1 Kf5 61. Rd1 Ke4 62. Rd4+ Ke5 63. Rd1 Ke4 64. Rd4+ Kf3 65. Rd1
e2 66. Rh1 Kf2 67. Kc5 e1=Q 68. Rxe1 Kxe1 69. Kxd5 Nf6+ 70. Ke6 1-0

[Event "?"]
[Site "ICS rated blitz match, 208.19"]
[Date "1997.??.??"]
[Round "?"]
[White "Brause"]
[Black "loete"]
[Result "1/2-1/2"]
[WhiteElo "2520"]
[BlackElo "2070"]
[PlyCount "168"]

1. e4 e5 2. Nf3 Nc6 3. Nc3 Nf6 4. Nxe5 Nxe5 5. d4 Nc6 6. d5 Nb8 7. e5 Qe7 8.
Qe2 Ng8 9. d6 cxd6 10. Nd5 Qxe5 11. Nc7+ Kd8 12. Nxa8 Nc6 13. Qxe5 dxe5 14. Be3
Nf6 15. O-O-O Ng4 16. Bb5 Nxe3 17. fxe3 Bc5 18. Rhe1 a6 19. Bc4 b5 20. Bxf7 Bb7
21. Rd5 d6 22. Rxc5 dxc5 23. Nb6 Ke7 24. Bd5 Rd8 25. Rf1 Rf8 26. Rxf8 Kxf8 27.
Nd7+ Ke7 28. Nxe5 Kd6 29. Bxc6 Bxc6 30. Nxc6 Kxc6 31. e4 Kd6 32. Kd2 Ke5 33.
Ke3 g5 34. g4 h6 35. a3 a5 36. h3 b4 37. axb4 axb4 38. Kd3 Ke6 39. Kc4 Ke5 40.
Kxc5 Kxe4 41. Kxb4 Kf3 42. Kc5 Kg3 43. b4 Kxh3 44. b5 Kxg4 45. b6 h5 46. b7 h4
47. b8=Q Kh3 48. Qb4 g4 49. Qe4 g3 50. c4 g2 51. Qf3+ Kh2 52. Qf2 h3 53. Qf4+
Kh1 54. Qe4 Kh2 55. Qe5+ Kh1 56. Qd5 Kh2 57. Qd6+ Kh1 58. Qc6 Kh2 59. Qc7+ Kh1
60. Qb7 Kh2 61. Qb8+ Kh1 62. Qa8 Kh2 63. Qa2 Kh1 64. Kb5 g1=Q 65. Qa8+ Qg2 66.
Qa1+ Qg1 67. Qb2 h2 68. c5 Qf1+ 69. Kb6 Kg1 70. Qd4+ Qf2 71. Qg4+ Kf1 72. Qc4+
Kg1 73. Qc1+ Kg2 74. Qg5+ Kf1 75. Qd5 Qg2 76. Qd1+ Kf2 77. Qd4+ Kf1 78. Qa1+
Kf2 79. Qb2+ Kf1 80. Qc1+ Kf2 81. Qf4+ Kg1 82. Qd4+ Kf1 83. Qd3+ Kg1 84. Qd4+
Kf1 1/2-1/2

[Event "?"]
[Site "ICS rated bullet match, 192.2"]
[Date "1997.??.??"]
[Round "?"]
[White "Brause"]
[Black "Bo"]
[Result "1-0"]
[WhiteElo "2400"]
[BlackElo "1910"]
[PlyCount "43"]

1. e4 e5 2. Nf3 Nc6 3. Nc3 Nf6 4. Nxe5 Nxe5 5. d4 Ng6 6. e5 Ng8 7. Bc4 d6 8.
Qf3 Qe7 9. Bb5+ Kd8 10. O-O a6 11. Nd5 Qe6 12. Bg5+ Be7 13. Nxe7 N8xe7 14. exd6
axb5 15. dxe7+ Nxe7 16. Rae1 Qxa2 17. Bxe7+ Kd7 18. Qf5+ Kc6 19. Qc5+ Kd7 20.
Bd8 Qe6 21. Qxc7+ Ke8 22. Rxe6+ 1-0

[Event "?"]
[Site "ICS rated bullet match, 192.2"]
[Date "1997.??.??"]
[Round "?"]
[White "Brause"]
[Black "OUTCAST"]
[Result "1-0"]
[WhiteElo "2425"]
[BlackElo "2850"]
[PlyCount "59"]

1. e4 e5 2. Nf3 Nc6 3. Nc3 Nf6 4. Nxe5 Nxe5 5. d4 Nc6 6. d5 Ne7 7. e5 Nfg8 8.
d6 cxd6 9. exd6 Nc6 10. Nb5 Bxd6 11. Qxd6 Qe7+ 12. Be3 Qxd6 13. Nxd6+ Ke7 14.
Bc5 Ke6 15. Bc4+ Kf6 16. Nxf7 Ne5 17. Bd4 Ne7 18. Bxe5+ Kg6 19. Nxh8+ Kh6 20.
Bf4+ g5 21. Nf7+ Kg7 22. Bxg5 h6 23. Bxe7 d5 24. Bxd5 Be6 25. Bxe6 Re8 26. Nd6
Rxe7 27. Nf5+ Kf6 28. Nxe7 Kxe7 29. Bc8 Kd8 30. Bxb7 1-0

[Event "?"]
[Site "ICS rated bullet match, 192.2"]
[Date "1997.??.??"]
[Round "?"]
[White "Brause"]
[Black "knot"]
[Result "1-0"]
[WhiteElo "2480"]
[BlackElo "1825"]
[PlyCount "45"]

1. e4 e5 2. Nf3 Nc6 3. Nc3 Nf6 4. Nxe5 Nxe5 5. d4 Nc6 6. d5 Ne5 7. f4 Ng6 8. e5
Ng8 9. d6 cxd6 10. exd6 Qb6 11. Qe2+ Kd8 12. f5 Nh4 13. Qg4 Nxf5 14. Qxf5 Qxd6
15. Bc4 Nh6 16. Qe4 f5 17. Bg5+ Be7 18. Bxe7+ Qxe7 19. Qxe7+ Kxe7 20. O-O-O d6
21. Rhe1+ Kd7 22. Nb5 Rd8 23. Rxd6# 1-0

[Event "?"]
[Site "ICS rated bullet match, 192.2"]
[Date "1997.??.??"]
[Round "?"]
[White "Brause"]
[Black "MoonShot"]
[Result "1-0"]
[WhiteElo "2495"]
[BlackElo "2590"]
[PlyCount "69"]

1. e4 e5 2. Nf3 Nc6 3. Nc3 Nf6 4. Nxe5 Nxe5 5. d4 Ng6 6. e5 Ng8 7. Bc4 Bb4 8.
Qf3 Qe7 9. O-O Bxc3 10. bxc3 Rb8 11. Re1 b5 12. Rb1 a6 13. Qg3 Bb7 14. Bg5 Qa3
15. e6 dxe6 16. Qxc7 Rc8 17. Qxb7 Rxc4 18. Qa8+ Kd7 19. Qd8+ Kc6 20. Qe8+ Kb6
21. Qxf7 Nh6 22. Qxg7 Nf5 23. Qd7 Rc6 24. Rxe6 Qxc3 25. Bd2 Qxc2 26. Rxc6+ Qxc6
27. Ba5+ Kxa5 28. Qxc6 Nxd4 29. Qc3+ Kb6 30. Qxd4+ Kb7 31. Rc1 Rb8 32. Qd7+ Ka8
33. Rc7 Rb7 34. Qc8+ Ka7 35. Rxb7# 1-0

[Event "?"]
[Site "ICS rated bullet match, 192.2"]
[Date "1997.??.??"]
[Round "?"]
[White "Brause"]
[Black "MoonShot"]
[Result "1-0"]
[WhiteElo "2515"]
[BlackElo "2570"]
[PlyCount "109"]

1. e4 e5 2. Nf3 Nc6 3. Nc3 Nf6 4. Nxe5 Nxe5 5. d4 Ng6 6. e5 Ng8 7. Bc4 Bb4 8.
Qf3 Qe7 9. O-O Bxc3 10. bxc3 Rb8 11. Re1 b5 12. Rb1 a6 13. Qg3 Bb7 14. Bg5 Qf8
15. e6 dxe6 16. Qxc7 Rc8 17. Bxb5+ axb5 18. Qxb7 N8e7 19. Qxb5+ Nc6 20. d5 Qd6
21. dxc6 O-O 22. a4 Qxc6 23. Bd2 Rfd8 24. Qxc6 Rxc6 25. Re2 Ra6 26. Rb4 Rad6
27. Be1 Rd1 28. Kf1 Ra1 29. c4 Ra8 30. Rd2 R1xa4 31. Rxa4 Rxa4 32. Rd8+ Nf8 33.
Rb8 Rxc4 34. Bb4 Rxb4 35. Rxb4 g5 36. c4 Nd7 37. Rb7 Nc5 38. Rb5 Ne4 39. c5 Kg7
40. f3 Nc3 41. Rb7 Nd5 42. c6 Kf6 43. c7 Nxc7 44. Rxc7 Kg6 45. Kf2 h5 46. Ke3
f5 47. f4 Kf6 48. fxg5+ Kxg5 49. h4+ Kg4 50. Rg7+ Kxh4 51. Kf4 e5+ 52. Kxf5 e4
53. Kf4 e3 54. Rg3 e2 55. Rh3# 1-0

[Event "?"]
[Site "ICS rated bullet match, 192.2"]
[Date "1997.??.??"]
[Round "?"]
[White "Brause"]
[Black "MoonShot"]
[Result "0-1"]
[WhiteElo "2495"]
[BlackElo "2605"]
[PlyCount "106"]

1. e4 e5 2. Nf3 Nc6 3. Nc3 Nf6 4. Nxe5 Nxe5 5. d4 Ng6 6. e5 Ng8 7. Bc4 Qh4 8.
O-O c6 9. Qf3 f5 10. Ne2 Qe4 11. Qxe4 fxe4 12. Ng3 d5 13. exd6 Nf6 14. Bg5 Bxd6
15. Bxf6 gxf6 16. Nxe4 Be7 17. Rfe1 Kd8 18. d5 Kd7 19. Rad1 f5 20. d6 fxe4 21.
dxe7+ Kxe7 22. Rxe4+ Kf6 23. Rd6+ Kg5 24. Bf7 Bf5 25. Rb4 Rab8 26. Kf1 Bxc2 27.
Rd7 b5 28. Rbd4 a5 29. Rc7 Rbd8 30. Rxd8 Rxd8 31. Bxg6 Bxg6 32. Ke2 Rd6 33. Ra7
a4 34. Ke3 Re6+ 35. Kd2 Kf4 36. Rd7 Bf5 37. Rf7 h5 38. g3+ Ke5 39. Kc3 Re8 40.
f4+ Ke6 41. Rg7 Rd8 42. b3 Rd3+ 43. Kb4 axb3 44. axb3 Kd6 45. Rg5 Be6 46. Rxh5
Rxb3+ 47. Ka5 b4 48. f5 Bf7 49. Rg5 c5 50. Kb5 Rd3 51. Ka4 Kc6 52. Rg6+ Bxg6
53. fxg6 Ra3# 0-1

[Event "?"]
[Site "ICS rated bullet match, 192.2"]
[Date "1997.??.??"]
[Round "?"]
[White "Brause"]
[Black "MoonShot"]
[Result "0-1"]
[WhiteElo "2500"]
[BlackElo "2615"]
[PlyCount "184"]

1. e4 e5 2. Nf3 Nc6 3. Nc3 Nf6 4. Nxe5 Nxe5 5. d4 Ng6 6. e5 Ng8 7. Bc4 Qh4 8.
O-O Bb4 9. Nd5 Ba5 10. b4 Bb6 11. Be3 c6 12. Nxb6 axb6 13. b5 N8e7 14. Rb1 O-O
15. Qd3 Qg4 16. f3 Qh5 17. c3 Rd8 18. Qe2 Ra5 19. bxc6 dxc6 20. Rxb6 Nd5 21.
Bxd5 Raxd5 22. Rb2 Qf5 23. Qc2 Qxc2 24. Rxc2 Bf5 25. Rb2 R8d7 26. c4 Ra5 27.
Re1 Ra3 28. h3 Bd3 29. Rb3 Rxb3 30. axb3 Bc2 31. b4 Bd3 32. Rc1 Kf8 33. Rc3 Be2
34. Kf2 Bd1 35. Ke1 Ba4 36. Ra3 b5 37. Kf2 Ke7 38. Ra1 Ke6 39. f4 Nxf4 40. Bxf4
Rxd4 41. Kf3 Rxc4 42. Rc1 Bc2 43. Ke3 c5 44. bxc5 b4 45. Ra1 b3 46. Ra6+ Kd5
47. Rb6 Rxc5 48. Rb4 h6 49. Rd4+ Ke6 50. Rd6+ Ke7 51. Rb6 Rc4 52. Rb7+ Ke6 53.
h4 Kd5 54. g4 Re4+ 55. Kf3 Bd1+ 56. Kg3 Kc6 57. Rb8 g5 58. hxg5 hxg5 59. Bc1
Rxg4+ 60. Kf2 Bc2 61. Rf8 Kd5 62. Rxf7 Be4 63. Rb7 Rg2+ 64. Ke3 Rg3+ 65. Kf2
Rh3 66. Bxg5 b2 67. Rb5+ Kd4 68. e6 b1=Q 69. Rxb1 Bxb1 70. e7 Bg6 71. Bf4 Rc3
72. Bb8 Rc2+ 73. Kf3 Kd3 74. Bd6 Rc4 75. e8=N Bxe8 76. Kg3 Bf7 77. Kf2 Bd5 78.
Kg3 Ke3 79. Bf8 Rc6 80. Kg4 Rf6 81. Bc5+ Ke4 82. Kg5 Rf5+ 83. Kg6 Bf7+ 84. Kg7
Rxc5 85. Kxf7 Ke5 86. Ke7 Rc7+ 87. Kd8 Kd6 88. Ke8 Rd7 89. Kf8 Ke6 90. Ke8 Rd5
91. Kf8 Rg5 92. Ke8 Rg8# 0-1

[Event "?"]
[Site "ICS rated bullet match, 192.2"]
[Date "1997.??.??"]
[Round "?"]
[White "Brause"]
[Black "MoonShot"]
[Result "1-0"]
[WhiteElo "2475"]
[BlackElo "2685"]
[PlyCount "139"]

1. e4 e5 2. Nf3 Nc6 3. Nc3 Nf6 4. Nxe5 Nxe5 5. d4 Ng6 6. e5 Ng8 7. Bc4 Qh4 8.
g3 Qh3 9. Qf3 f6 10. Bd2 Bb4 11. O-O-O fxe5 12. Qf7+ Kd8 13. Qxg7 N8e7 14. dxe5
Qf5 15. f4 Nc6 16. Bd3 Qf8 17. Qxf8+ Bxf8 18. Nd5 Bc5 19. Bc3 Nce7 20. Nxe7
Bxe7 21. f5 Bg5+ 22. Kb1 Ne7 23. h4 Be3 24. e6 Re8 25. f6 Nd5 26. e7+ Nxe7 27.
fxe7+ Rxe7 28. Bf6 Bc5 29. Bxe7+ Bxe7 30. Bxh7 d6 31. h5 Bf6 32. Be4 Rb8 33. h6
Be6 34. Rdf1 Ke7 35. h7 Be5 36. Rf3 d5 37. Bg6 Bh8 38. Re1 Kd6 39. Kc1 c5 40.
Ref1 b5 41. Rf8 Rxf8 42. Rxf8 Bg7 43. h8=Q Bxh8 44. Rxh8 a5 45. Ra8 a4 46. Be8
b4 47. Bxa4 d4 48. Bb5 Kd5 49. a3 bxa3 50. Rxa3 Bg4 51. Ra7 Ke4 52. Rg7 Be6 53.
Rg5 Kf3 54. Re5 Bh3 55. Rxc5 Kxg3 56. Rd5 Kf3 57. c3 dxc3 58. Rd3+ Kg4 59. Bd7+
Kf4 60. Bxh3 Ke5 61. bxc3 Kf6 62. c4 Ke7 63. c5 Kf6 64. c6 Ke7 65. c7 Kf7 66.
c8=Q Ke7 67. Qe6+ Kf8 68. Rf3+ Kg7 69. Rf7+ Kg8 70. Qe8# 1-0

[Event "?"]
[Site "ICS rated bullet match, 192.2"]
[Date "1997.??.??"]
[Round "?"]
[White "Brause"]
[Black "SirPrize"]
[Result "1-0"]
[WhiteElo "2560"]
[BlackElo "2020"]
[PlyCount "43"]

1. e4 e5 2. Nf3 Nc6 3. Nc3 Nf6 4. Nxe5 Nxe5 5. d4 Ng6 6. e5 Ng8 7. Bc4 d6 8.
Qf3 Qe7 9. Bb5+ c6 10. Bxc6+ Bd7 11. Bxb7 Rb8 12. Nd5 Qd8 13. exd6 Rxb7 14.
Qe4+ N8e7 15. Nxe7 Bxe7 16. Qxb7 Bxd6 17. O-O O-O 18. Qxa7 Bf5 19. c3 Qh4 20.
h3 Re8 21. b4 Bxh3 22. Qa4 1-0

[Event "?"]
[Site "ICS rated bullet match, 192.2"]
[Date "1997.??.??"]
[Round "?"]
[White "Brause"]
[Black "Kissinger"]
[Result "1-0"]
[WhiteElo "2510"]
[BlackElo "2785"]
[PlyCount "45"]

1. e4 e5 2. Nf3 Nc6 3. Nc3 Nf6 4. Nxe5 Nxe5 5. d4 Nc6 6. d5 Nb8 7. e5 Ng8 8. d6
cxd6 9. exd6 Qf6 10. Nb5 Na6 11. Bc4 Nh6 12. O-O Bxd6 13. Nxd6+ Kd8 14. Bxh6
gxh6 15. Nxf7+ Kc7 16. Nxh8 Qxh8 17. Bxa6 bxa6 18. Qf3 Bb7 19. Qf4+ d6 20. Qxh6
Qg8 21. f3 Rf8 22. Rfe1 Rxf3 23. Re7+ 1-0

[Event "?"]
[Site "ICS rated bullet match, 192.2"]
[Date "1997.??.??"]
[Round "?"]
[White "Brause"]
[Black "VanBlakk"]
[Result "1-0"]
[WhiteElo "2480"]
[BlackElo "2650"]
[PlyCount "33"]

1. e4 e5 2. Nf3 Nc6 3. Nc3 Nf6 4. Nxe5 Bb4 5. Nxc6 bxc6 6. e5 Rb8 7. exf6 gxf6
8. Qg4 Rg8 9. Qxg8+ Ke7 10. Qxh7 Qf8 11. a3 Rb5 12. Nxb5 cxb5 13. axb4 d5 14.
Bxb5 c5 15. bxc5 Bf5 16. Qxf5 a6 17. Qd7# 1-0

[Event "?"]
[Site "ICS rated bullet match, 192.2"]
[Date "1997.??.??"]
[Round "?"]
[White "Brause"]
[Black "MOMartian"]
[Result "1-0"]
[WhiteElo "2485"]
[BlackElo "1725"]
[PlyCount "21"]

1. e4 e5 2. Nf3 Nc6 3. Nc3 Nf6 4. Nxe5 Nxe5 5. d4 d6 6. dxe5 dxe5 7. Qxd8+ Kxd8
8. Bg5 Bd6 9. Bc4 Ke7 10. Nd5+ Ke8 11. Nxf6+ 1-0

[Event "?"]
[Site "ICS rated bullet match, 192.2"]
[Date "1997.??.??"]
[Round "?"]
[White "Brause"]
[Black "kool"]
[Result "1-0"]
[WhiteElo "2460"]
[BlackElo "2650"]
[PlyCount "33"]

1. e4 e5 2. Nf3 Nf6 3. Nc3 Nc6 4. Nxe5 Nxe5 5. d4 Nc6 6. d5 Nb8 7. e5 Ng8 8. d6
cxd6 9. exd6 Nc6 10. Nb5 Qb6 11. Nc7+ Qxc7 12. dxc7 b6 13. Bb5 Bb7 14. Bxc6
Bxc6 15. Qe2+ Be7 16. Qa6 f5 17. c8=Q+ 1-0

[Event "?"]
[Site "ICS rated bullet match, 192.2"]
[Date "1997.??.??"]
[Round "?"]
[White "Brause"]
[Black "Dorobanov"]
[Result "1-0"]
[WhiteElo "2475"]
[BlackElo "2430"]
[PlyCount "63"]

1. e4 e5 2. Nf3 Nc6 3. Nc3 Nf6 4. Nxe5 Nxe5 5. d4 Ng6 6. e5 Ng8 7. Bc4 d5 8.
Bxd5 c6 9. Bf3 Bb4 10. O-O Bxc3 11. bxc3 Be6 12. Bh5 Qd7 13. Ba3 N8e7 14. Qd2
O-O 15. f4 f5 16. Bxg6 Rf6 17. Bxh7+ Kxh7 18. exf6 gxf6 19. Bc5 Bd5 20. Rae1
Be4 21. Qe3 Ng6 22. Qh3+ Kg7 23. Re2 Rh8 24. Qe3 Qd5 25. Ra1 Kf7 26. Bxa7 Ra8
27. Bc5 Rxa2 28. Rxa2 Qxa2 29. Kf2 Qb1 30. Qd2 Ke6 31. Re1 Qxc2 32. Qxc2 1-0

[Event "?"]
[Site "ICS rated bullet match, 192.2"]
[Date "1997.??.??"]
[Round "?"]
[White "Brause"]
[Black "illich"]
[Result "1/2-1/2"]
[WhiteElo "2485"]
[BlackElo "1685"]
[PlyCount "101"]

1. e4 e5 2. Nf3 Nc6 3. Nc3 Nf6 4. Nxe5 Nxe5 5. d4 Ng6 6. e5 Ng8 7. Bc4 d5 8.
Bxd5 Be6 9. Bxb7 Rb8 10. Bc6+ Bd7 11. Bf3 Bb4 12. O-O N8e7 13. Bg5 h6 14. Bd2
O-O 15. a3 Ba5 16. b4 Bb6 17. Ne2 Be6 18. c3 c6 19. Be4 Bd5 20. Ng3 f5 21. Bd3
f4 22. Ne4 f3 23. gxf3 Nf5 24. Rc1 Nfh4 25. Be2 Nf4 26. Bxf4 Rxf4 27. Qd3 Qe8
28. Kh1 Qh5 29. Qe3 Rbf8 30. Nd2 Nxf3 31. Qxf3 Bxf3+ 32. Nxf3 Rxf3 33. a4 Qh4
34. Bxf3 Rxf3 35. a5 Rh3 36. Kg2 Rxh2+ 37. Kf3 Rh3+ 38. Ke2 Qe4+ 39. Kd2 Rd3+
40. Kc2 Qe2+ 41. Kb3 Bd8 42. a6 Bg5 43. f4 Bxf4 44. Rxf4 Rd2 45. Rff1 Rb2+ 46.
Ka3 Ra2+ 47. Kb3 Qb2+ 48. Kc4 Qe2+ 49. Kb3 Qb2+ 50. Kc4 Qe2+ 51. Kb3 1/2-1/2

[Event "?"]
[Site "ICS rated bullet match, 192.2"]
[Date "1997.??.??"]
[Round "?"]
[White "Brause"]
[Black "Tim"]
[Result "1-0"]
[WhiteElo "2550"]
[BlackElo "2145"]
[PlyCount "26"]

1. e4 e5 2. Nf3 Nc6 3. Nc3 Nf6 4. Nxe5 Nxe5 5. d4 Nc6 6. d5 Nb8 7. e5 Ng8 8. d6
cxd6 9. exd6 Qf6 10. Nb5 Na6 11. Bc4 Kd8 12. O-O Nh6 13. Qh5 g6 1-0

[Event "?"]
[Site "ICS rated bullet match, 192.2"]
[Date "1997.??.??"]
[Round "?"]
[White "Jakob, Steffen"]
[Black "mand"]
[Result "1-0"]
[WhiteElo "2720"]
[BlackElo "2560"]
[PlyCount "35"]

1. e4 e5 2. Nf3 Nc6 3. Nc3 Nf6 4. Nxe5 Nxe5 5. d4 Ng6 6. e5 Ng4 7. Be2 h5 8.
Bxg4 hxg4 9. Qxg4 d6 10. Qe2 d5 11. Be3 Bc5 12. dxc5 d4 13. O-O-O dxc3 14.
Rxd8+ Kxd8 15. Rd1+ Bd7 16. bxc3 Nxe5 17. Bg5+ f6 18. f4 1-0

[Event "?"]
[Site "ICS rated bullet match, 192.2"]
[Date "1997.??.??"]
[Round "?"]
[White "Jakob, Steffen"]
[Black "PieceThrower"]
[Result "1-0"]
[WhiteElo "2740"]
[BlackElo "1615"]
[PlyCount "37"]

1. e4 e5 2. Nf3 Nf6 3. Nc3 Nc6 4. Nxe5 Nxe5 5. d4 Nc6 6. d5 Ne5 7. f4 Ng6 8. e5
Ng8 9. d6 cxd6 10. exd6 Nxf4 11. Bxf4 Qh4+ 12. g3 Qe7+ 13. dxe7 Bxe7 14. Nd5
Bc5 15. Qe2+ Kf8 16. b4 Nf6 17. bxc5 Nxd5 18. Bd6+ Kg8 19. Qe8# 1-0

[Event "?"]
[Site "ICS rated bullet match, 208.1"]
[Date "1997.??.??"]
[Round "?"]
[White "Brause"]
[Black "agro"]
[Result "1-0"]
[WhiteElo "2585"]
[BlackElo "2370"]
[PlyCount "87"]

1. e4 e5 2. Nf3 Nc6 3. Nc3 Nf6 4. Nxe5 Nxe5 5. d4 Nc6 6. d5 Ne5 7. f4 Ng6 8. e5
Ng8 9. d6 cxd6 10. exd6 Qf6 11. Nb5 Kd8 12. Be3 b6 13. Qd5 Qe6 14. Qxa8 Qxe3+
15. Kd1 Bxd6 16. g3 Nf6 17. Nxd6 Qd4+ 18. Bd3 Qxd6 19. Qxa7 Qc7 20. Qxc7+ Kxc7
21. Re1 Bb7 22. f5 Nf8 23. Kd2 Kd8 24. Re2 h6 25. Rae1 N8h7 26. h4 Rf8 27. c3
Bc6 28. a3 h5 29. Re7 Kc7 30. b3 Kd6 31. c4 Ng4 32. Kc3 Nhf6 33. a4 Nf2 34. Bc2
N2g4 35. R7e2 Kc7 36. Kd4 Kd6 37. b4 Kc7 38. c5 Kb7 39. cxb6 Kxb6 40. Bb3 d5
41. b5 Bb7 42. Re7 Ka5 43. Rxb7 Kb4 44. Rb1 1-0

[Event "?"]
[Site "ICS rated bullet match, 208.1"]
[Date "1997.??.??"]
[Round "?"]
[White "Brause"]
[Black "ondulator"]
[Result "1-0"]
[WhiteElo "2480"]
[BlackElo "2080"]
[PlyCount "36"]

1. e4 Nc6 2. Nf3 e5 3. Nc3 Nf6 4. Nxe5 Nxe5 5. d4 Nc6 6. d5 Ne5 7. f4 Ng6 8. e5
Ng8 9. d6 cxd6 10. exd6 Qa5 11. h4 b5 12. h5 N6e7 13. dxe7 Bxe7 14. Qd5 Rb8 15.
Bxb5 Nh6 16. Bxd7+ Bxd7 17. Qxa5 O-O 18. Qxa7 Bb4 1-0

[Event "?"]
[Site "ICS unrated blitz match, 192."]
[Date "1997.??.??"]
[Round "?"]
[White "Brause"]
[Black "Netsurfer"]
[Result "1-0"]
[WhiteElo "2495"]
[BlackElo "2760"]
[PlyCount "44"]

1. e4 e5 2. Nf3 Nc6 3. Nc3 Nf6 4. Nxe5 Nxe5 5. d4 Nc6 6. d5 Ne5 7. f4 Ng6 8. e5
Ng8 9. d6 cxd6 10. exd6 Qh4+ 11. g3 Qf6 12. Nb5 Rb8 13. Be3 b6 14. Bd4 Qe6+ 15.
Be2 Kd8 16. Qd3 Ba6 17. f5 Bxb5 18. Qxb5 Qxd6 19. O-O-O a6 20. Qxa6 N6e7 21.
Bxg7 Qc6 22. Bxh8 Qd5 1-0